Panorama de la astronomía moderna /

Guardado en:
Autor Principal: Cernuschi, Félix
Otros Autores: Codina, Sayd
Formato: Libro
Publicado: Montevideo : O.e.a., 1968
Edición:2a. ed.
Materias:
Etiquetas: Agregar Etiqueta
Sin Etiquetas, Sea el primero en etiquetar este registro!
LEADER 00986nam a22002295a 4500
001 CEM.cems001548
005 20060214000000.0
008 130507s1968##################000#0#####d
003 CEMS
082 0 4 |a 520 
100 1 |a Cernuschi, Félix 
245 1 0 |a Panorama de la astronomía moderna / 
250 |a 2a. ed. 
260 |a Montevideo :  |b O.e.a.,  |c 1968 
300 |a 112 p. 
505 0 |a Los comienzos de la astronomia.-De Ptolomeo a Newton.-La Tierra y la Luna.-Los metodos y los instrumentos del astronomo.-Planteas y Satelites; Cometas y Meteoritos.-El Sol.-Una introducción a las estrellas. -Variedad entre las Estrellas.-Sistemas estelares.-Galaxias y Cosmologia. -APENDICE:Mapas estelares.- 
653 |a Astronomia 
653 |a Radioastronomia 
700 1 |a Codina, Sayd 
859 |a CEMS  |b BIB. CEMS - 11 de abril  |h 520  |i C335a2  |p 2674.74  |t Ej.1 
859 |a CEMS  |b BIB. CEMS - 11 de abril  |h 520  |i C335a2  |p 2675.74  |t Ej.2 
859 |a CEMS  |b BIB. CEMS - 11 de abril  |h 520  |i C335a2  |p 4845.76  |t Ej.3